| 000 | 01238cab a2200241 4500 | ||
|---|---|---|---|
| 001 | E2295 | ||
| 008 | 090401t1995 xxu||||| |||| 00| 0 eng d | ||
| 035 | _a(Sirsi) u38659 | ||
| 041 | _aeng | ||
| 245 | _aFane v Murray | ||
| 260 | _c1995 | ||
| 350 | _a0 | ||
| 490 |
_aScots Law Times _v1995 SLT 167-579(13) |
||
| 520 | _aFirst Division. The Lord President (Hope), Lords Osborne and Brand. 16 November 1994. Landlord and tenant - agricultural holding - notice to quit - notice alleging failure to carry out notice to remedy - tenant seeking reference to arbitration of whether obliged to undertake matters in notice to remedy - whether competent after service of notice to quit - powers of arbiter - which breaches of tenancy could be subject to demand to remedy - Agricultura l Holdings (Scotland) Act 1991 (c55), ss22(2)(d), 23(2), 32(3) and 66(1). | ||
| 650 | _aAGRICULTURAL ARBITER | ||
| 650 | _aAGRICULTURAL HOLDINGS (SCOTLAND) ACT 1991 | ||
| 650 | _aAGRICULTURAL HOLDINGS | ||
| 650 | _aMANAGEMENT-DISPUTE AVOIDANCE, MANAGEMENT AND RESOLUTION-DISPUTE MANAGEMENT AND RESOLUTION-ARBITRATION | ||
| 650 | _aQUIT NOTICES | ||
| 690 | _aLANDLORD AND TENANT-CASE LAW-AGRICULTURAL TENANCIES | ||
| 942 | _n0 | ||
| 948 | _c04/03/1997 | ||
| 999 |
_c24839 _d24839 |
||